000 00480nam a2200169 i 4500
001 99120
003 ES-MaACL
005 20230906182437.0
008 050902s1966 sp |||| | spa d
100 1 _aMartín Maestre, Jacinto.
_977550
245 1 0 _aHuelga general de 1917 /
_cJacinto Martín Maestre.
250 _a2ª ed.
260 _aMadrid :
_bZYX,
_c1966.
300 _a104 p. ;
_c18 cm.
650 4 _aHuelga general, España, 1917.
_9158622
852 _aES-MaACL
_jC-30577
999 _c99120
_d99120